02129agaaa2200325 45000010005000000030009000050050017000140070009000310080040000400400023000800410013001031000047001161300016001632400048001792450209002272460041004362500022004772600152004993000033006515080251006845110093009355200441010285380016014695460013014856500059014987000063015577000059016207000061016797000063017404779IT-RoPAU20220918181224.0d cvaizq50131s9999||||xx ||| | || ||und|| aIT-RoPAUcIT-RoPAU aITALIANO aBresson RobertgCodice regista SPICS: 8815 aARGENT (L') aAVVENTURA NELLA FANTASIA (SCHEDA 15)g 1279 aARGENT (L')cProdotto da: Hencoz Jean Marc -- Sceneggiatura: Bresson Robert Dal Racconto Il Biglietto Falso Di Tolstoj Lev -- Diretto da: Bresson RobertpARGENT (L') (Rif. Codice opera principale : H4779) aAVVENTURA NELLA FANTASIA (SCHEDA 15) aEdizione Standard aPARIGI (FRANCIA - SVIZZER)bEOS FILMS - MARION'S FILMS - FR3 / Distribuzione: MULTIMEDIA SAN PAOLOg"1983 (1° ed.: 2004 ; Ed. Lingua Orig.: 1983)" aDVDbsonoro, col.c85 minuti a"Fotografia: De Santis Pasqualino; Montaggio: Naudon(Jean Francois; Musica: Bach Johann Sebastian; Sceneggiatura: Bresson Robert Dal Racconto Il Biglietto Falso Di Tolstoj Lev; Scenografia: Guffroy Pierre; Soggetto: Bresson Robert -- Tolstoj Lev" a"Baussy Didier; Briguet Michael; Forneau Marc; E.; Lang Caroline; Lapeyre Bruno; Patey " aDUE STUDENTI PAGANO L'ACQUISTO DI UNA MODESTA CORNICE (PER LORO ASSOLUTAMENTE INUTILE) CON UN BIGLIETTO FALSO DA 500 FRANCHI. LA PROPRIETARIA DEL NEGOZIO ESITA, MA ALLA FINE ACCETTA LA BANCONOTA CHE IL MARITO, RICONOSCIUTALACOME FALSA, UNISCE AD ALTRE, CON LE QUALI FA PAGARE DAL COMMESSO LUCIEN ALCUNE FATTURE CONSEGNATEGLI DA YVON, UN BRAVO E ONESTO LAVORATORE...APOLOGO SULLA MISERIA UMANA, SUL PECCATO, SULL'ESPIAZIONE, SUL PERDONO. aPAL, STEREO aITALIANO aDRAMMATICOeDVD-FILM [DVD]xCodice MATERIA SPICS: 9947 aBach Johann Sebastiane(musica)gCodice Musica SPICS: 9695 aBresson Robert e(regista)gCodice regista SPICS: 8815 aBresson Robert e(soggetto)gCodice Soggetto SPICS: 8815 aTolstoj Lev e(soggetto)gCodice Soggetto 2° SPICS: 12437